| 000 -LEADER |
| fixed length control field |
00711pab a2200169 454500 |
| 008 - FIXED-LENGTH DATA ELEMENTS--GENERAL INFORMATION |
| fixed length control field |
180718b2005 xxu||||| |||| 00| 0 eng d |
| 100 ## - MAIN ENTRY--PERSONAL NAME |
| Personal name |
Thapan, Meenakshi |
| 245 ## - TITLE STATEMENT |
| Title |
A teacher writes |
| 260 ## - PUBLICATION, DISTRIBUTION, ETC. |
| Date of publication, distribution, etc. |
2005 |
| 300 ## - PHYSICAL DESCRIPTION |
| Extent |
p.5536-537. |
| 362 ## - DATES OF PUBLICATION AND/OR SEQUENTIAL DESIGNATION |
| Dates of publication and/or sequential designation |
31 Dec |
| 520 ## - SUMMARY, ETC. |
| Summary, etc. |
The teacher-student relationship forms a critical bedrock in the pursuit of academic excellence. sometimes, and perhaps giving in to the rhetoric of student welfar,e teachers may evince the need to "protect" or "help" students; a fact that may unwittingly dilute the cause of academic excellence. - Reproduced. |
| 650 ## - SUBJECT ADDED ENTRY--TOPICAL TERM |
| Topical term or geographic name entry element |
Teachers |
| 650 ## - SUBJECT ADDED ENTRY--TOPICAL TERM |
| Topical term or geographic name entry element |
Student teacher relationship |
| 773 ## - HOST ITEM ENTRY |
| Main entry heading |
Economic and Political Weekly |
| 909 ## - |
| -- |
68567 |